Κοινωνιολογία της εκπαίδευσης
Αποθηκεύτηκε σε:
| Κύριος συγγραφέας: | |
|---|---|
| Μορφή: | Βιβλίο |
| Γλώσσα: | Greek |
| Δημοσίευση: |
Αθήνα :
Gutenberg,
2010.
|
| Σειρά: | Βιβλιοθήκη κοινωνικής επιστήμης και κοινωνικής πολιτικής
|
| Θέματα: | |
| Ετικέτες: |
Προσθήκη ετικέτας
Δεν υπάρχουν, Καταχωρήστε ετικέτα πρώτοι!
|
MARC
| LEADER | 00000cam a2200000 i 4500 | ||
|---|---|---|---|
| 001 | 1/12634 | ||
| 008 | 110328s2010####gr ||| ||||| ||gre|| | ||
| 020 | |a 9789600113266 | ||
| 035 | |l 10109859 | ||
| 040 | |a GR-MY-UA |b gre |e aacr | ||
| 041 | 0 | |a gre | |
| 082 | 0 | |a 306.43 |2 (22) | |
| 100 | 1 | |a Νόβα-Καλτσούνη, Χριστίνα. | |
| 245 | 1 | 0 | |a Κοινωνιολογία της εκπαίδευσης / |c Χριστίνα Νόβα-Καλτσούνη. |
| 260 | |a Αθήνα : |b Gutenberg, |c 2010. | ||
| 300 | |a 462 σ. ; |c 25 εκ. | ||
| 490 | 1 | |a (Βιβλιοθήκη κοινωνικής επιστήμης και κοινωνικής πολιτικής). | |
| 504 | |a Βιβλιογραφία: σ. 383-423. Ευρετήριο: σ. 447-462. | ||
| 650 | 0 | 0 | |a Educational sociology. |
| 830 | 0 | |a Βιβλιοθήκη κοινωνικής επιστήμης και κοινωνικής πολιτικής | |
| 852 | |a INST |b LESVOS |e 20150805 |h 370.19 ΝΟΒ |p 005100057092 |q 005100057092 |t BK |y 0 | ||
| 852 | |a INST |b LESVOS |c EUDOXUS |e 20141215 |h 370.19 ΝΟΒ |p 005100055775 |q 005100055775 |t EDX |y 0 | ||
| 852 | |a INST |b LESVOS |c EUDOXUS |e 20160223 |h 370.19 ΝΟΒ |p 005100057294 |q 005100057294 |t EDX |y 0 | ||
| 852 | |a INST |b LESVOS |c EUDOXUS |e 20171115 |h 370.19 ΝΟΒ |p 005100060888 |q 005100060888 |t EDX |y 0 | ||
| 852 | |a INST |b RHODES |e 20110328 |h 306.43 ΝΟΒ |p 005400033017 |q 005400033017 |t BK |y 0 | ||
| 852 | |a INST |b RHODES |c EUDOXUS |e 20130522 |h 306.43 ΝΟΒ |p 005400035238 |q 005400035238 |t EDX |y 0 | ||
| 852 | |a INST |b RHODES |c EUDOXUS |e 20150324 |h 306.43 ΝΟΒ |p 005400037662 |q 005400037662 |t EDX |y 0 | ||
| 852 | |a INST |b RHODES |c EUDOXUS |e 20170314 |h 306.43 ΝΟΒ |p 005400039186 |q 005400039186 |t EDX |y 4 |x 20220725 | ||
| 901 | |a BIBL4-2011-1 | ||
| 901 | |a BIBL4-2013-2 | ||
| 901 | |a BIBL1-2014-3 | ||
| 901 | |a BIBL4-2015-1 | ||
| 909 | |a Ρ |b 163491 | ||
| 909 | |a Ρ |b 176767 | ||
| 909 | |a Λ |b 191314 | ||
| 909 | |a Ρ |b 183979 | ||
| 920 | |a Εύδοξος |b Παραγγελία |y Ρόδος-ΤΕΠΑΕΣ |z 2013-05 | ||
| 920 | |a Εύδοξος |b Επιστροφή |y Ρόδος |z 2017-03 | ||
| 920 | |a Εύδοξος |b Παραγγελία |y Λέσβος-ΤΚ |z 2014-11 | ||
| 920 | |a Εύδοξος |b Επιστροφή |y Ρόδος |z 2015-03 | ||
| 920 | |a Εύδοξος |b Επιστροφή |y Λέσβος |z 2016-02 | ||
| 920 | |a Εύδοξος |b Επιστροφή |y Λέσβος |z 2017-11 | ||
| 970 | |z 2011/03/ | ||